Carácter y destino: ensayos y artículos escogidos
Uloženo v:
| Hlavní autor: | |
|---|---|
| Médium: | Kniha |
| Jazyk: | španělština |
| Vydáno: |
Santiago
Universidad Diego Portales
2011
|
| Vydání: | 1a. ed |
| Témata: | |
| Tagy: |
Přidat tag
Žádné tagy, Buďte první, kdo vytvoří štítek k tomuto záznamu!
|
MARC
| LEADER | 00000cam a2200000 a 4500 | ||
|---|---|---|---|
| 001 | UCG8682 | ||
| 003 | CL-VaPUC | ||
| 008 | 111223e20110100CL |||||||||||||||||spa|d | ||
| 020 | |a 9789563141108 | ||
| 082 | 0 | 4 | |a 864 |b SAN |2 21 |
| 100 | 0 | |a Sánchez Ferlosio, Rafael |e author |9 559796 | |
| 245 | 1 | 0 | |a Carácter y destino: ensayos y artículos escogidos |
| 250 | |a 1a. ed | ||
| 300 | |a 422 p | ||
| 942 | |c BK | ||
| 945 | |d 20111223 00:00:00 |a dcastane | ||
| 260 | |a Santiago |b Universidad Diego Portales |c 2011 | ||
| 650 | 0 | |a Ensayos españoles |9 313128 | |
| 650 | 0 | |a Literatura española |9 306261 | |
| 583 | |a last modification |c 20111223 12:06:00 |k Rodrigo Vera | ||
| 999 | |c 346282 |d 346280 | ||
| 952 | |0 0 |1 0 |4 0 |6 864_000000000000000_SAN_2011 |7 0 |8 A |9 446927 |a BIBART |b BIBART |d 2019-11-22 |i 4818067 |o 864 SAN 2011 |p 4818067 |r 2025-03-13 |w 2019-11-22 |y BK |k ART | ||